Realismo capitalista y nuevas subjetividades / Mark Fisher
Tallennettuna:
| Päätekijä: | |
|---|---|
| Aineistotyyppi: | Kirja |
| Kieli: | Spanish |
| Tagit: |
Lisää tagi
Ei tageja, Lisää ensimmäinen tagi!
|
MARC
| LEADER | 00000nam a22000007a 4500 | ||
|---|---|---|---|
| 003 | cru CIDCACS/IIS | ||
| 005 | 20170719113136.0 | ||
| 007 | ta | ||
| 008 | 170719s2016 ag ||||| |||| 00| 0 spa d | ||
| 999 | |c 19450 |d 19450 | ||
| 040 | |c cru CIDCACS/IIS | ||
| 100 | 1 | |9 4990 |a Fisher, Mark | |
| 245 | 1 | |a Realismo capitalista y nuevas subjetividades / |b Mark Fisher | |
| 300 | |a páginas 22-30 | ||
| 773 | 0 | |0 19022 |9 1034 |a Fundación Friedrich Ebert |d Fundación Friedrich Ebert; Nueva Sociedad |o 19050 |t Nueva Sociedad / | |
| 942 | |2 ddc |c PP | ||
